| 000 | 01249nam a2200253Ia 4500 | ||
|---|---|---|---|
| 999 |
_c3987 _d3987 |
||
| 003 | OSt | ||
| 005 | 20200619144721.0 | ||
| 008 | 191128s2001 ck gr 000 0 spa d | ||
| 020 | _a9587011023 | ||
| 040 |
_aCO-JMCR _cCO-JMCR |
||
| 041 | 0 | _aspa | |
| 082 | 0 | 4 |
_a330.153 / _bC965e _223 |
| 100 | 1 |
_aCuevas, Homero, _eautor _9697 |
|
| 245 | 1 | 0 |
_aLa economía clásica en renovación / _cHomero Cuevas |
| 260 |
_aBogotá : _bUniversidad Nacional de Colombia, _c2001. |
||
| 300 |
_a 238 páginas ; _c21 cm. |
||
| 504 | _abiografía del autor en solapa frontal, | ||
| 505 | 3 | _aEl clasicismo en la economía contemporanea -- El modelo clásico de precios en equilibrio general -- Componentes para una renovada teoría de la renta -- Selección endógena de técnicas -- Precios monopolísticos en un modelo clá | |
| 520 | 3 | _aEn este libro el profesor Homero Cuevas presenta una exposición ordenada e integral de lo que considera el subsanamiento de algunas inconsistencias en el sistema de Sraffa y la generalización del modelo clásico de los precios en equilibrio general al anál | |
| 650 | 1 | 4 |
_aTeoría económica _95858 |
| 650 | 2 | 4 |
_aEscuela clásica de economía _95859 |
| 650 | 2 | 4 |
_aPrecios Comercio internacional _95860 |
| 942 |
_2ddc _cBK |
||